00587nam a2200181 a 4500040001200000082002600012245006900038260004200107300003500149490004900184650002200233650001800255650002300273700002400296710001600320710001700336856005200353 cCaPaEBR04a333 WOR 2007 A076 Or.00aSustainable energy in Chinabthe closing window of opportunity / aWashington, DC :bWorld Bank,cc2007. aliii, 273 p. :bill. ;c23 cm.1 aDirections in development. Energy and mining 0aEnergy industries 0aEnergy policy 0aEnergy development1 aBerrah, Noureddine.2 aWorld Bank.2 aebrary, Inc.40uhttp://site.ebrary.com/lib/yale/Doc?id=10167859